| 000 | 00408nam a22001457a 4500 | ||
|---|---|---|---|
| 020 | _a8123911394 | ||
| 040 | _cNUST | ||
| 082 |
_a560 _bMOO |
||
| 100 |
_aMoore , Raymond .C _940255 |
||
| 110 |
_aLalicker ,Cecil .G , Fischer ,Alfred.G _9123404 |
||
| 245 | _aInvertebrate Fossils | ||
| 260 |
_aNew Delhi _bCBS Publishers & Distributors, _c2004. |
||
| 650 |
_aInvertebrate Fossils _92437 |
||
| 942 |
_2ddc _cBK |
||
| 999 |
_c609608 _d609608 |
||